000 00926nam a2200289 a 4500
001 vtls001466247
003 NLI
005 20210627125659.0
008 121201s1980 xx f000 0 eng
039 9 _y201212011834
_zVLOAD
040 _aNLI
_beng
_cDatasoft_FOD
_eAACR2
041 0 _aeng
044 _a xx
082 0 4 _a 658.4770973
110 1 _aUnited States.
_bFederal Emergency Management Agency
245 1 0 _aAfter the fire :
_breturning to normal /
_cUnited States Federal Emergency Management Agency
260 _a[S.l.] :
_bFederal Emergency Management Agency,
_c1980
300 _a13 p. ;
_c27 cm.
650 0 _aEmergency management
_zUnited States
_9729706
650 0 _aRisk assessment
_zUnited States
_9729707
710 1 _aUnited States.
_bFire Administration
887 _a
901 _aAD 79805
_b10.08.2010
902 _aU.S 658.4770973 Un 3
904 _lC 4733
999 _aVIRTUA40
_c915567
_d915567
942 _2ddc
_cBKS